| 000 | 00963nam a2200241 i 4500 | ||
|---|---|---|---|
| 001 | 129635 | ||
| 003 | ES-MaACL | ||
| 005 | 20250822153249.0 | ||
| 007 | t| | ||
| 008 | 070627s1933 sp ||||1| cat d | ||
| 080 | _a52(02)"12" | ||
| 100 | 1 |
_aJacob Ben Mahir Ben Tibbon. _9147671 |
|
| 245 | 1 | 0 |
_aTractat de l'Assafea d'Azarquiel _b: edició crítica dels textos hebraic i llatí amb traducció, práoleg i notes per J. Milláas i Vallicrosa / _cProfeit Tibbon. |
| 260 |
_aBarcelona : _bUniversidad, Facultat de Filosofia i Lletras, _c1933. |
||
| 300 |
_aLIII, 152 p., 2 lám. ; _c22 cm. |
||
| 490 | 1 |
_aBiblioteca Hebraico-catalana ; _v4 |
|
| 650 |
_aAstronomía- _vObras anteriores a 1800. _910389 |
||
| 700 | 1 |
_aMillás Vallicrosa, José María, _d1888-1970 _981191 |
|
| 710 | 2 |
_aUniversidad. Facultat de Filosofia i Lletras. _97377 |
|
| 830 | 0 |
_aBiblioteca Hebraico-catalana ; _v4 _9219360 |
|
| 852 |
_aES-MaACL _jC-8137 |
||
| 999 |
_c129635 _d129635 |
||